000 00455nam a22001697a 4500
003 NUST
038 _aa
082 _aBICSE-8 FAT
100 _aFatima Nawaz
_993111
245 _aRate your doctor
260 _aIslamabad
_bNUST SEECS
_c2014
500 _aSupervisor: Dr. Kashif Rajpoot
563 _aa
700 _aFatima Nawaz, Mariam Aamir, Herum Arshad
_993112
856 _uhttp://10.250.8.41:8080/xmlui/handle/123456789/10340
942 _cTHE
_2ddc
999 _c13045
_d13045